Catholic University of Zimbabwe Library
Online Public Access Catalogue
(OPAC)

428 AD (Record no. 11286)

MARC details
000 -LEADER
fixed length control field 00432 a2200121 4500
020 ## - INTERNATIONAL STANDARD BOOK NUMBER
International Standard Book Number 9780691136691 (hardc
005 - DATE AND TIME OF LATEST TRANSACTION
control field 20191017174205.0
084 ## - OTHER CLASSIFICATION NUMBER
Classification number DG338 .T7313 2009
245 ## - TITLE STATEMENT
Title 428 AD
Remainder of title : an ordinary year at the end of the Roman Empire
Medium print
260 ## - PUBLICATION, DISTRIBUTION, ETC.
Place of publication, distribution, etc. nju
Name of publisher, distributor, etc. Princeton University Press
Date of publication, distribution, etc. c2009
300 ## - PHYSICAL DESCRIPTION
Extent xix, 203 p. : maps
Other physical details 25 cm.
Dimensions xix, 203 p. : maps ; 25 cm.
500 ## - GENERAL NOTE
General note Giusto Traina ; translated by Allan Cameron.
700 ## - ADDED ENTRY--PERSONAL NAME
Personal name Traina, Giusto

No items available.

OPENING HOURS

Weekdays: 0815hrs - 1800hrs
Weekends:0900hrs - 1200hrs

Closed for Mass:

Mon, Thur: 1200hrs - 1300hrs
Sunday & Public Holiday’s

CALL SUPPORT

0242-570570, 0242-570169
09200664, +263 8644140602

LOCATION

18443, Cranborne Avenue, Hatfield, Harare

Other Links


©2021 | CUZ Library